Le 11 titulaire de la France lors de la finale de la CDM 2022 - Statistiques

Statistiques générales
  • Ce quiz a été pris 185 fois
  • Le résultat moyen est 9 sur 11
Statistiques - réponses
# Noms % Correct
10 Mbappe
99%
1 Lloris
97%
9 Giroud
92%
7 Griezmann
92%
22 Hernandez
90%
11 Dembélé
85%
4 Varane
85%
8 Tchouaméni
79%
18 Upamecano
78%
5 Koundé
75%
14 Rabiot
73%
Aucun quiz correspondant
Distribution des résultats
% des personnes avec chaque résultat
Percentile par nombre de réponses
Votre historique - résultats
Vous n’avez pas pris ce quiz